000 00509nam a2200205Ia 4500
003 0100
008 130303s9999 xx 000 0 und d
040 _cARRUPELIB
050 _aBR127.I61 1999
245 _aJesuits in dialogue
245 _bthe interreligious dimension
260 _aRoma
260 _bSecretariat for interreligious Dialogue
260 _C1999
300 _a157p.
300 _b 30cm.
650 _bHochhuth, Rolf - Der Stellvertreter
650 _cPius X11
942 _2lcc
_01
999 _c60796
_d60796